Alam jin & syaitan serta cara mengatasi gangguannya

Bibliographic Details
Main Author: Mustafa Asyur
Other Authors: Shahrin Nasution
Format: Book
Published: Kuala Lumpur : Darul Nu'man , 1995
Subjects:

MARC

LEADER 00000cam a2200000 7i4500
001 0000008884
002 000009683
005 20000330.0
020 |a 9830460541 
090 0 0 |a 297.216   |b MUS 
100 0 |a Mustafa Asyur 
245 1 0 |a Alam jin & syaitan serta cara mengatasi gangguannya   |c Mustafa Asyur ; terjemahan Drs.Syahrin Nasution 
260 |a Kuala Lumpur :   |b Darul Nu'man ,   |c 1995 
300 |a 136 p. ;   |c 22 cm. 
650 0 0 |a Devil (Islam)   |x Quranic teaching 
700 0 |a Shahrin Nasution   |f Drs 
999 |a 043838   |b BUKU   |c PINJAMAN   |e PERPUSTAKAAN KOMUNITI PETALING JAYA 
999 |a 043839   |b BUKU   |c PINJAMAN   |e PERPUSTAKAAN KOMUNITI PETALING JAYA 
999 |a 046481   |b BUKU   |c PINJAMAN   |e PERPUSTAKAAN KOMUNITI CAW KOTA DAMANSARA 
999 |a 046482   |b BUKU   |c PINJAMAN   |e PERPUSTAKAAN KOMUNITI CAW KOTA DAMANSARA